Générique But pour Rudy - Paroles - Statistiques

Statistiques générales
  • Ce quiz a été pris 6 fois
  • Le résultat moyen est 17 sur 27
Statistiques - réponses
Paroles % Correct
Hourra !!! {Hourra} !!!
100%
Balle au {pied}
80%
C'est encore un {but} pour Rudy
80%
C'est encore un {but} pour Rudy
80%
C'est le roi du {ballon}, Rudy go !
80%
Fonce et ne craint {personne}
80%
Le ballon c'est sa {passion}
80%
Pour battre le {goal}
80%
Pour Rudy crions {tous}
80%
Quelle classe, il fonce tout {droit}
80%
Un hip-hip-hip {hourra} !
80%
Et il passe, {dépasse}
60%
Et il passe, {dépasse}
60%
Il est présent dans toutes les {actions}
60%
Il se bat pour gagner tous les {matchs}
60%
Pour Rudy crions {tous}
60%
Un hip-hip-hip {hourra} !
60%
Et quand il joue, il se {donne}
40%
Et quand il tire, il {cartonne}
40%
Il est toujours en {position}
40%
Il s'arrache, se {détache}
40%
Il s'arrache, se {détache}
40%
Il se bat pour gagner tous les {matchs}
40%
Quelle classe, il fonce tout {droit}
40%
Rudy comme un {cyclone}
40%
Tout le monde se lève pour {lui} !
40%
Un battant, un {champion}, Rudy go !
40%
Aucun quiz correspondant
Distribution des résultats
% des personnes avec chaque résultat
Percentile par nombre de réponses
Votre historique - résultats
Vous n’avez pas pris ce quiz